000 00411 a2200157 4500
005 20260328155918.0
008 260303b |||||||| |||| 00| 0 eng d
020 _a9789357321402
080 _a89M-94
_bECH/S
100 _aEchmukkutty
245 _aSesham nhan(ശേഷം ഞാൻ)
260 _bD C books.
_aKottayam.
_c2023.
300 _a112p.
653 _aMemories-Malayalam literature
942 _cBK
999 _c115309
_d115308